000 00808nam a22001937a 4500
999 _c488
_d488
003 AR-CdUCM
008 190223b ||||| |||| 00| 0 spa d
040 _aMUNICIPALIDAD PROVINCIAL DEL CUSCO
_cBIBLIOTECA MUNICIPAL DEL CUSCO
082 _aC869.56 /
_bS22
100 _aSánchez Zevallos, Luis Edgardo
_91916
245 _aPaginas libres del recuerdo /
_cLuis Edgardo Sánchez Zevallos
260 _aCajamarca :
_bAsociación Impresiones y Publicaciones Obispo Martínez Compañón,
_c1989.
300 _a48 paginas ;
_c20 cm.
505 _aUnas palabras -- Cuatro fueron los retoños -- Los primeros recuerdos -- Primavera -- Tus bellos ojos -- Del abismo hacia la cumbre -- A mi madre ...
650 _aPoesías peruanas
_91481
650 _aSiglo XX.
_98
942 _2ddc
_cLIBROS
945 _aacv
_d2019-02-23